[Event "26th WSCC 2016 Open 65+"]
[Site "Marianske Lazne, Czech Republic - Hotel Cristal and Continental"]
[Date "2016.11.24"]
[Round "6.37"]
[White "Bakalar, Jan"]
[Black "Titz, Heimo"]
[Result "1-0"]
[WhiteElo "2033"]
[BlackElo "2189"]
[PlyCount "157"]
[EventDate "2016.11.19"]

1. d4 Nf6 2. c4 e6 3. g3 c5 4. e3 d5 5. dxc5 Bxc5 6. Bg2 O-O 7. cxd5 exd5 8.
Nf3 Nc6 9. O-O h6 10. a3 a5 11. Nbd2 a4 12. b4 Bd6 13. Bb2 Qe7 14. Qc2 Bd7 15.
Rac1 Rfc8 16. Qb1 Na7 17. Rxc8+ Rxc8 18. Rc1 Rxc1+ 19. Qxc1 Nb5 20. Qd1 Nc7 21.
Qa1 Nce8 22. Nd4 Ne4 23. Nxe4 dxe4 24. Qb1 Nf6 25. Qc2 Be5 26. Bf1 h5 27. Nb5
Bxb2 28. Qxb2 h4 29. Nd4 hxg3 30. hxg3 Qe5 31. Qe2 g6 32. Bg2 Kg7 33. Bf1 Nd5
34. Bg2 f5 35. Qb2 Kf6 36. Bf1 Nb6 37. b5 Be6 38. Qb4 Kf7 39. Be2 Qc7 40. Kg2
Qe7 41. Qc3 Qd6 42. Nxe6 Kxe6 43. Qg7 Kd5 44. Qxb7+ Ke5 45. Qg7+ Qf6 46. Qc7+
Qd6 47. Qc3+ Ke6 48. Bc4+ Kd7 49. Qg7+ Qe7 50. Bf7 Qxa3 51. Qxg6 Qc5 52. Be6+
Kc7 53. Qf7+ Kb8 54. Bxf5 Qxb5 55. Bxe4 Nd7 56. Qf4+ Kc8 57. Qd6 Nc5 58. Qc6+
Qxc6 59. Bxc6 a3 60. Bd5 Kd7 61. f4 Kd6 62. Ba2 Ne4 63. g4 Nc3 64. Bb3 a2 65.
Bxa2 Nxa2 66. Kf3 Nc3 67. e4 Ke6 68. g5 Nb5 69. g6 Kf6 70. f5 Nd4+ 71. Kg4 Nc6
72. Kh5 Kg7 73. Kg5 Ne5 74. f6+ Kg8 75. Kf5 Nd7 76. e5 Nb6 77. e6 Nd5 78. e7
Nxf6 79. Kxf6 1-0

[Event "26th WSCC 2016 Open 65+"]
[Site "Marianske Lazne, Czech Republic - Hotel Cristal and Continental"]
[Date "2016.11.24"]
[Round "6.38"]
[White "Friedman, Josef"]
[Black "Hund, Gerhard"]
[Result "1/2-1/2"]
[WhiteElo "2187"]
[BlackElo "2005"]
[PlyCount "83"]
[EventDate "2016.11.19"]

1. d4 c5 2. d5 e5 3. e4 d6 4. Nc3 Be7 5. Nf3 a6 6. a4 Nf6 7. Be2 O-O 8. O-O Bg4
9. Nd2 Bxe2 10. Qxe2 Nbd7 11. Nc4 Rb8 12. a5 Ne8 13. Qg4 b5 14. axb6 Nxb6 15.
Na5 Ra8 16. Nc6 Qc7 17. Qe2 c4 18. Be3 Bf6 19. Na4 Nxa4 20. Rxa4 Qb7 21. Rb4
Qd7 22. Qxc4 Nc7 23. Rb7 Qc8 24. Ne7+ Bxe7 25. Qxc7 Rb8 26. Qxe7 Qxb7 27. Qxd6
Qxb2 28. Qxa6 Qxc2 29. f3 Rb2 30. Bf2 Rfb8 31. g3 Rb1 32. Rxb1 Rxb1+ 33. Kg2 h6
34. d6 Rd1 35. Qb5 Rd2 36. Qe8+ Kh7 37. Qxf7 Rxf2+ 38. Kh3 Rxh2+ 39. Kg4 h5+
40. Kf5 Qc3 41. Qg6+ Kg8 42. Qe8+ 1/2-1/2

[Event "26th WSCC 2016 Open 65+"]
[Site "Marianske Lazne, Czech Republic - Hotel Cristal and Continental"]
[Date "2016.11.24"]
[Round "6.39"]
[White "Hanisch, Friedrich"]
[Black "Vitek, Vaclav"]
[Result "0-1"]
[WhiteElo "2160"]
[BlackElo "1999"]
[PlyCount "134"]
[EventDate "2016.11.19"]

1. d4 d5 2. Bf4 c5 3. e3 Nc6 4. c3 Qb6 5. Qb3 c4 6. Qxb6 axb6 7. Nd2 b5 8. Ngf3
Nf6 9. Be2 h6 10. O-O Bf5 11. a3 e6 12. h3 g5 13. Be5 Be7 14. Bh2 Nd7 15. Ne5
Ndxe5 16. dxe5 h5 17. g4 hxg4 18. hxg4 Bg6 19. Kg2 Bc5 20. Rh1 O-O-O 21. Bg3
Bb6 22. Rxh8 Rxh8 23. Kg1 Bc7 24. Nf3 Be4 25. Nh2 Bxe5 26. f4 Bc7 27. Rf1 f5
28. gxf5 exf5 29. Bf3 g4 30. Bxe4 dxe4 31. Rd1 Bb6 32. Nf1 Ne7 33. Kg2 Kc7 34.
Bf2 Kc6 35. Ng3 Rf8 36. Kf1 Rh8 37. Ke2 Rh2 38. Rh1 Rxh1 39. Nxh1 Kd6 40. Ng3
Ke6 41. Nh5 Nd5 42. Ng3 Bd8 43. Nh5 Kf7 44. Ng3 Kg6 45. Nf1 Nb6 46. Kd2 Na4 47.
Kc2 Nc5 48. Bg3 Kh5 49. Kd2 Nd3 50. Kc2 Bh4 51. b3 Ne1+ 52. Kb2 Bxg3 53. Nxg3+
Kh4 54. Nxf5+ Kh3 55. Nd4 g3 56. f5 g2 57. Ne2 Kh2 58. f6 Nd3+ 59. Kc2 Ne5 60.
a4 cxb3+ 61. Kxb3 bxa4+ 62. Kxa4 g1=Q 63. Nxg1 Kxg1 64. Kb5 Kf2 65. Kc5 Nd7+
66. Kd4 Nxf6 67. Ke5 Kxe3 0-1

[Event "26th WSCC 2016 Open 65+"]
[Site "Marianske Lazne, Czech Republic - Hotel Cristal and Continental"]
[Date "2016.11.24"]
[Round "6.40"]
[White "Chmelik, Jiri"]
[Black "Kende, Gyorgy Dr"]
[Result "0-1"]
[WhiteElo "2000"]
[BlackElo "2145"]
[PlyCount "48"]
[EventDate "2016.11.19"]

1. d4 Nf6 2. c4 e5 3. Nf3 exd4 4. Nxd4 Bb4+ 5. Nc3 O-O 6. g3 d5 7. Nc2 Bxc3+ 8.
bxc3 dxc4 9. Ba3 Qxd1+ 10. Rxd1 Re8 11. Bg2 c6 12. Nd4 Nbd7 13. Rd2 Nb6 14. O-O
Bg4 15. f3 Bd7 16. e4 Rad8 17. Ne2 Bc8 18. Rfd1 Rxd2 19. Rxd2 h6 20. Kf2 Nfd7
21. Bd6 Ne5 22. Nc1 f5 23. Bh3 fxe4 24. Bxc8 Nxf3 0-1

[Event "26th WSCC 2016 Open 65+"]
[Site "Marianske Lazne, Czech Republic - Hotel Cristal and Continental"]
[Date "2016.11.24"]
[Round "6.41"]
[White "Ladisic, Alex-Sacha"]
[Black "Bratus, Petr P"]
[Result "1/2-1/2"]
[WhiteElo "1970"]
[BlackElo "2140"]
[PlyCount "79"]
[EventDate "2016.11.19"]

1. e4 c5 2. Nf3 Nc6 3. d4 cxd4 4. Nxd4 Nf6 5. Nc3 d6 6. Be2 Bd7 7. O-O g6 8.
Be3 Bg7 9. Nb3 O-O 10. f4 b5 11. Bf3 b4 12. Nd5 Nxd5 13. exd5 Na5 14. Nxa5 Qxa5
15. Bd4 Bxd4+ 16. Qxd4 Rac8 17. Rfc1 Qc5 18. Qxc5 Rxc5 19. a3 bxa3 20. Rxa3 a5
21. c3 Rb8 22. b3 e6 23. c4 exd5 24. Bxd5 Be6 25. Bxe6 fxe6 26. Rca1 Kf7 27.
Rxa5 Rxa5 28. Rxa5 Rxb3 29. Ra7+ Kf6 30. Rxh7 Rc3 31. Rd7 Rxc4 32. Rxd6 Rxf4
33. Rd2 Kf5 34. Rf2 g5 35. Rxf4+ gxf4 36. Kf2 e5 37. g3 Kg4 38. gxf4 exf4 39.
h3+ Kxh3 40. Kf3 1/2-1/2

[Event "26th WSCC 2016 Open 65+"]
[Site "Marianske Lazne, Czech Republic - Hotel Cristal and Continental"]
[Date "2016.11.24"]
[Round "6.42"]
[White "Kjolberg, Lars"]
[Black "Wheeler, Robert"]
[Result "1/2-1/2"]
[WhiteElo "2140"]
[BlackElo "2007"]
[PlyCount "66"]
[EventDate "2016.11.19"]

1. d4 Nf6 2. c4 g6 3. Nc3 d5 4. Nf3 Bg7 5. Bg5 Ne4 6. Bh4 Nxc3 7. bxc3 O-O 8.
e3 c6 9. Qb3 b6 10. cxd5 cxd5 11. Bb5 Bb7 12. O-O Bc6 13. a4 a6 14. Be2 Nd7 15.
Rfb1 Re8 16. c4 Bf6 17. Bxf6 exf6 18. cxd5 Bb7 19. Nd2 f5 20. Bf3 Nf6 21. Qxb6
Bxd5 22. Bxd5 Nxd5 23. Qxd8 Raxd8 24. g3 g5 25. Rc1 f4 26. exf4 gxf4 27. Re1
Rxe1+ 28. Rxe1 fxg3 29. hxg3 Nc3 30. Nb3 Nxa4 31. Ra1 Nc3 32. Kf1 Nb5 33. Ra4
Rd6 1/2-1/2

[Event "26th WSCC 2016 Open 65+"]
[Site "Marianske Lazne, Czech Republic - Hotel Cristal and Continental"]
[Date "2016.11.24"]
[Round "6.43"]
[White "Muratoglu, Salih"]
[Black "Mlynek, Petr"]
[Result "1-0"]
[WhiteElo "1897"]
[BlackElo "2139"]
[PlyCount "129"]
[EventDate "2016.11.19"]

1. d4 d5 2. Nf3 c6 3. c4 e6 4. e3 Bd6 5. Nc3 f5 6. Ne5 Nf6 7. Bd3 O-O 8. O-O
Nbd7 9. f4 Ne4 10. Rf3 Ndf6 11. Bd2 Bd7 12. Be1 Be8 13. Qb3 Qe7 14. Rh3 Bh5 15.
cxd5 cxd5 16. Bxe4 fxe4 17. Nb5 Rfc8 18. Bh4 Be8 19. Nxd6 Qxd6 20. Bxf6 gxf6
21. Rg3+ Kh8 22. Ng4 Qd8 23. Qxb7 Rc7 24. Qa6 Rc6 25. Qf1 Bg6 26. Nh6 Qd7 27.
h4 f5 28. Rg5 Qg7 29. Nxf5 exf5 30. h5 Qc7 31. hxg6 hxg6 32. Qe1 Rc8 33. Qg3
Kh7 34. Qh3+ Kg7 35. Qxf5 Rc1+ 36. Kf2 Rc2+ 37. Kg3 Qd6 38. Rh1 Rb8 39. Qh3 Rg8
40. Qh7+ Kf8 41. Qxa7 Re2 42. Qa8+ Kg7 43. Qb7+ Kf6 44. Qxd5 Rxe3+ 45. Kg4 Qxd5
46. Rxd5 Re2 47. g3 Rxb2 48. Re5 Rxa2 49. Rh7 Rg7 50. Rxg7 Kxg7 51. Rxe4 Kf6
52. Kf3 Ra3+ 53. Re3 Ra4 54. Ke4 Ra8 55. g4 Re8+ 56. Kf3 Rd8 57. Rd3 Rh8 58. d5
Ke7 59. Re3+ Kd6 60. Re5 Ra8 61. Kg3 Ra4 62. Rg5 Ra1 63. Rxg6+ Kxd5 64. f5 Rf1
65. Re6 1-0

[Event "26th WSCC 2016 Open 65+"]
[Site "Marianske Lazne, Czech Republic - Hotel Cristal and Continental"]
[Date "2016.11.24"]
[Round "6.45"]
[White "Sevenyuk, Alexey"]
[Black "Giulian, Philip M"]
[Result "1/2-1/2"]
[WhiteElo "1877"]
[BlackElo "2133"]
[PlyCount "35"]
[EventDate "2016.11.19"]

1. e4 c6 2. d3 d5 3. Nd2 g6 4. g3 Bg7 5. Bg2 e5 6. Ne2 Ne7 7. Nb3 O-O 8. O-O f5
9. f4 Nd7 10. fxe5 Nxe5 11. d4 Nf7 12. e5 Qe8 13. Nf4 Nd8 14. Bd2 Ne6 15. Nxe6
Bxe6 16. Nc5 Qc8 17. Qc1 b6 18. Nxe6 1/2-1/2

[Event "26th WSCC 2016 Open 65+"]
[Site "Marianske Lazne, Czech Republic - Hotel Cristal and Continental"]
[Date "2016.11.24"]
[Round "6.46"]
[White "Lang, Ferdinand"]
[Black "Just, Pavel"]
[Result "1-0"]
[WhiteElo "2133"]
[BlackElo "1996"]
[PlyCount "101"]
[EventDate "2016.11.19"]

1. e4 e5 2. Nf3 Nc6 3. Bb5 Nf6 4. d3 d6 5. c3 Bd7 6. O-O Be7 7. Re1 a6 8. Ba4
O-O 9. Nbd2 b5 10. Bc2 Bg4 11. h3 Bh5 12. Nf1 Bxf3 13. Qxf3 Ne8 14. Bd2 Bg5 15.
Ne3 Bxe3 16. Bxe3 Qf6 17. Qe2 Ne7 18. d4 Ng6 19. g3 c6 20. Rad1 Nc7 21. Rf1 Qe6
22. Kh2 exd4 23. cxd4 Qxa2 24. b3 Qa5 25. h4 Rfe8 26. f4 Nf8 27. f5 b4 28. Qg4
Kh8 29. Qh5 Re7 30. Bf4 Ne8 31. e5 dxe5 32. dxe5 f6 33. Qf3 fxe5 34. Bg5 e4 35.
Bxe4 Nf6 36. Bxf6 gxf6 37. Bxc6 Rc8 38. Rd6 Qe5 39. Rfd1 Rec7 40. Be4 Rc3 41.
Qg4 R3c7 42. Qf4 Qxf4 43. gxf4 Re8 44. Bd5 Rc2+ 45. Kh1 Ree2 46. Rxf6 Rh2+ 47.
Kg1 Nd7 48. Rf7 Nc5 49. f6 Ne6 50. Be4 h5 51. Rd8+ 1-0

[Event "26th WSCC 2016 Open 65+"]
[Site "Marianske Lazne, Czech Republic - Hotel Cristal and Continental"]
[Date "2016.11.24"]
[Round "6.47"]
[White "Goncharov, Viktor"]
[Black "Kazantsev, Valentin"]
[Result "0-1"]
[WhiteElo "2125"]
[BlackElo "1953"]
[PlyCount "114"]
[EventDate "2016.11.19"]

1. Nf3 d6 2. g3 Nf6 3. Bg2 c6 4. c4 Bg4 5. Nc3 e5 6. d3 Nbd7 7. h3 Bxf3 8. Bxf3
Be7 9. Be3 O-O 10. Qb3 Qc7 11. g4 Nc5 12. Bxc5 dxc5 13. g5 Ne8 14. Ne4 Qa5+ 15.
Qc3 Qxc3+ 16. bxc3 Nc7 17. Rb1 b5 18. Rg1 Rab8 19. Nf6+ Bxf6 20. gxf6 g6 21.
Bxc6 bxc4 22. Kd2 cxd3 23. Kxd3 Rbd8+ 24. Kc4 Rd6 25. Bf3 Rxf6 26. Rb7 Ne8 27.
Rxa7 Rf4+ 28. Kd5 Rf5 29. Bg4 Nf6+ 30. Kxc5 Rxf2 31. Bf3 e4 32. Ra6 Kg7 33. Rg2
Rf1 34. Rxf6 Kxf6 35. Bxe4 Rf4 36. Rg4 Rc8+ 37. Bc6 Rf5+ 38. Kb6 Re5 39. Kb7
Rd8 40. a4 Re7+ 41. Kb6 Rb8+ 42. Kc5 Rxe2 43. Rd4 Re3 44. Rc4 Rxh3 45. Kd6 Rb3
46. Rf4+ Kg5 47. Rxf7 Rbxc3 48. a5 Ra3 49. Ra7 Rhd3+ 50. Ke5 Rdc3 51. Kd6 Ra1
52. a6 Rd1+ 53. Bd5 Rcd3 54. Rxh7 Rxd5+ 55. Kc7 Ra5 56. Kb6 Rda1 57. a7 Rxa7
0-1

[Event "26th WSCC 2016 Open 65+"]
[Site "Marianske Lazne, Czech Republic - Hotel Cristal and Continental"]
[Date "2016.11.24"]
[Round "6.48"]
[White "Gundersen, Helge"]
[Black "Rucka, Alois"]
[Result "1-0"]
[WhiteElo "2120"]
[BlackElo "1953"]
[PlyCount "95"]
[EventDate "2016.11.19"]

1. e4 c5 2. Nc3 Nc6 3. f4 a6 4. Nf3 e6 5. g3 d6 6. Bg2 Nge7 7. O-O g6 8. d3 Bg7
9. h3 O-O 10. Kh2 Qc7 11. a4 b6 12. g4 f5 13. exf5 gxf5 14. Nh4 Ng6 15. Nxg6
hxg6 16. gxf5 gxf5 17. Bd2 Ra7 18. Rg1 Nd4 19. Rb1 Bb7 20. Be3 Qf7 21. Bxd4
cxd4 22. Ne2 Kh8 23. Ng3 Rg8 24. Bxb7 Rxb7 25. Nh5 Rbb8 26. Nxg7 Rxg7 27. Rxg7
Kxg7 28. Qg1+ Kh7 29. Qxd4 Qh5 30. Rg1 Rg8 31. Rxg8 Kxg8 32. Qxb6 Qe2+ 33. Kg3
e5 34. Qd8+ Kg7 35. Qg5+ Kh8 36. Qh6+ Kg8 37. Qg6+ Kh8 38. Qf6+ Kg8 39. Qe6+
Kh8 40. Qe8+ Kg7 41. Qe7+ Kg8 42. Qg5+ Kh8 43. Kh4 Qf2+ 44. Kh5 Qxf4 45. Kg6
Qxg5+ 46. Kxg5 f4 47. Kg4 a5 48. b4 1-0

[Event "26th WSCC 2016 Open 65+"]
[Site "Marianske Lazne, Czech Republic - Hotel Cristal and Continental"]
[Date "2016.11.24"]
[Round "6.49"]
[White "Janda, Zdenek"]
[Black "Ilyes, Peter"]
[Result "1-0"]
[WhiteElo "2114"]
[BlackElo "1892"]
[PlyCount "131"]
[EventDate "2016.11.19"]

1. d4 Nf6 2. c4 e6 3. Nf3 d5 4. Nc3 Bb4 5. Qb3 c5 6. dxc5 Nc6 7. e3 O-O 8. Be2
Ne4 9. O-O Nxc3 10. bxc3 Bxc5 11. Rd1 dxc4 12. Qxc4 Qe7 13. e4 f6 14. Bf4 Kh8
15. Bg3 e5 16. Rab1 Be6 17. Qa4 a6 18. Nh4 b5 19. Qc2 g6 20. a4 b4 21. cxb4
Nxb4 22. Qb2 Rab8 23. Nf3 Nc6 24. Qc3 Rxb1 25. Rxb1 Bc8 26. Bf1 Nd4 27. Nxd4
Bxd4 28. Qc6 Qa7 29. Rc1 Qd7 30. Bxa6 Qxc6 31. Rxc6 Bd7 32. Rc7 Bxa4 33. h4 Rb8
34. h5 Bb6 35. Rf7 gxh5 36. Rxf6 Bd4 37. Bc4 Kg7 38. Rf5 Rb1+ 39. Kh2 Bb5 40.
Bd5 Rb2 41. f3 Bf1 42. Rg5+ Kh6 43. Bh4 Be3 44. Rg8 Bf4+ 45. Kh3 Rb6 46. Bf7
Rb7 47. Be6 Rg7 48. Rxg7 Kxg7 49. Bg3 Kf6 50. Bd7 Kg5 51. Bh4+ Kg6 52. Bf5+ Kg7
53. Bg3 Bxg3 54. Kxg3 h4+ 55. Kf2 Bd3 56. f4 exf4 57. Kf3 Bf1 58. Bh3 Kf6 59.
Kxf4 h5 60. e5+ Kg6 61. Ke4 Bc4 62. Kd4 Be2 63. Kd5 Kf7 64. Kd6 Ke8 65. Bd7+
Kd8 66. e6 1-0

[Event "26th WSCC 2016 Open 65+"]
[Site "Marianske Lazne, Czech Republic - Hotel Cristal and Continental"]
[Date "2016.11.24"]
[Round "6.50"]
[White "Vikulov, Alexander"]
[Black "Slechta, Karel"]
[Result "1-0"]
[WhiteElo "2275"]
[BlackElo "1872"]
[PlyCount "86"]
[EventDate "2016.11.19"]

1. Nf3 Nf6 2. g3 g6 3. c4 c5 4. Bg2 Bg7 5. d4 cxd4 6. Nxd4 Nc6 7. Nc3 Nxd4 8.
Qxd4 O-O 9. O-O d6 10. Bd2 Nd7 11. Qh4 Ne5 12. b3 Re8 13. Rad1 Nc6 14. Nd5 Be6
15. Bg5 Bxd5 16. Bxd5 Qc7 17. Qf4 Ne5 18. Qd2 Rab8 19. a4 Ng4 20. h3 Nf6 21.
Bg2 b6 22. Kh2 Nd7 23. Rb1 Nc5 24. Rfd1 a5 25. Bd5 Nd7 26. Be3 Nf6 27. Bf3 Nd7
28. Bg2 Nc5 29. Qc2 Bf6 30. h4 Be5 31. h5 e6 32. Bd4 Bxd4 33. Rxd4 Qe7 34. Qd2
Rbd8 35. b4 e5 36. Rg4 axb4 37. hxg6 hxg6 38. Bd5 Kg7 39. Rxb4 Qd7 40. Qg5 Rh8+
41. Kg1 Nxa4 42. Rb3 Nc5 43. Rf3 Rh4 1-0

[Event "26th WSCC 2016 Open 65+"]
[Site "Marianske Lazne, Czech Republic - Hotel Cristal and Continental"]
[Date "2016.11.24"]
[Round "6.51"]
[White "Braun, Gottfried"]
[Black "Doubleday, William G"]
[Result "1-0"]
[WhiteElo "2242"]
[BlackElo "2013"]
[PlyCount "73"]
[EventDate "2016.11.19"]

1. e4 c5 2. c3 Nf6 3. e5 Nd5 4. d4 cxd4 5. cxd4 e6 6. Nf3 Nc6 7. Bc4 Nb6 8. Bb3
d6 9. exd6 Bxd6 10. O-O O-O 11. Nc3 Be7 12. Be3 Bd7 13. a3 Na5 14. Bc2 Bc6 15.
Qd3 g6 16. Ne5 Bd5 17. Bh6 Re8 18. Nxd5 Nxd5 19. Ba4 a6 20. Bxe8 Qxe8 21. Rac1
Qb5 22. Qxb5 axb5 23. b4 Nc6 24. Nxc6 bxc6 25. Rxc6 Bf8 26. Bc1 h5 27. Bb2 Nf4
28. Rd1 Rb8 29. Kf1 Nd5 30. Rdc1 Rb7 31. Rc8 Kg7 32. Ra8 Bd6 33. Rc6 Bc7 34. h4
Ne7 35. d5+ f6 36. Rxc7 Rxc7 37. d6 1-0

[Event "26th WSCC 2016 Open 65+"]
[Site "Marianske Lazne, Czech Republic - Hotel Cristal and Continental"]
[Date "2016.11.24"]
[Round "6.52"]
[White "Wahlbom, Magnus"]
[Black "Pitzl, Konstantinos"]
[Result "1/2-1/2"]
[WhiteElo "2215"]
[BlackElo "2004"]
[PlyCount "130"]
[EventDate "2016.11.19"]

1. e4 d6 2. d4 Nf6 3. Nc3 g6 4. Nf3 Bg7 5. Be2 O-O 6. O-O c6 7. a4 a5 8. Re1
Qc7 9. h3 e5 10. b3 exd4 11. Nxd4 Nbd7 12. Bf4 Re8 13. Bc4 Ne5 14. Bf1 Nh5 15.
Be3 Nd7 16. Qd2 Nc5 17. Bh6 Bh8 18. Rad1 Ne6 19. Nde2 Rd8 20. g4 Nf6 21. Bg2
Ne8 22. Ng3 Nd4 23. Be3 Ne6 24. f4 Nf8 25. Bd4 Bxd4+ 26. Qxd4 Ne6 27. Qf2 N8g7
28. f5 Nf8 29. Qf4 Ne8 30. Kh2 Nd7 31. Nce2 Ne5 32. Nd4 b6 33. Nf3 Bb7 34. Rd2
Qe7 35. g5 Nxf3+ 36. Bxf3 c5 37. Re3 Qe5 38. Qxe5 dxe5 39. Red3 Rxd3 40. Rxd3
Bc6 41. Be2 gxf5 42. exf5 e4 43. Rd1 h6 44. h4 hxg5 45. hxg5 Rc8 46. Kh3 Kf8
47. f6 Nc7 48. Bc4 e3 49. Rd6 Ne6 50. Bxe6 fxe6 51. Kg4 Kf7 52. Kf4 c4 53. Kxe3
cxb3 54. cxb3 b5 55. axb5 Bxb5 56. Ne4 Bc6 57. Nc5 Bd5 58. Rd7+ Kg6 59. Rg7+
Kf5 60. f7 e5 61. Ne4 Rf8 62. Nd6+ Ke6 63. Rg8 Ke7 64. Rxf8 Kxf8 65. g6 Bxb3
1/2-1/2

[Event "26th WSCC 2016 Open 65+"]
[Site "Marianske Lazne, Czech Republic - Hotel Cristal and Continental"]
[Date "2016.11.24"]
[Round "6.53"]
[White "Borensztajn, David"]
[Black "Kotva, Milan"]
[Result "0-1"]
[WhiteElo "2211"]
[BlackElo "1999"]
[PlyCount "72"]
[EventDate "2016.11.19"]

1. d4 d5 2. Nf3 Nf6 3. e3 Bg4 4. Nbd2 e6 5. c4 c6 6. Qb3 Qb6 7. c5 Qc7 8. Bd3
Nbd7 9. h3 Bh5 10. O-O Be7 11. Re1 O-O 12. Qc3 Bg6 13. Bxg6 hxg6 14. e4 dxe4
15. Nxe4 Nxe4 16. Rxe4 Nf6 17. Re1 Nd5 18. Qd3 Rad8 19. Bg5 Bf6 20. Bxf6 gxf6
21. Re4 Kg7 22. Rae1 Rh8 23. Qd2 Rh5 24. Rh4 Rxh4 25. Nxh4 Rh8 26. Nf3 g5 27.
g3 Rxh3 28. Re4 Ne7 29. Rg4 Qd7 30. Qd3 Ng6 31. Kf1 Qd5 32. b3 Rh1+ 33. Ke2 Ra1
34. Qd2 Qf5 35. Nh2 Qb1 36. Qe3 Qd1# 0-1

[Event "26th WSCC 2016 Open 65+"]
[Site "Marianske Lazne, Czech Republic - Hotel Cristal and Continental"]
[Date "2016.11.24"]
[Round "6.54"]
[White "Raikin, Leonid"]
[Black "Olesen, Poul Erik Norgaard"]
[Result "1-0"]
[WhiteElo "2180"]
[BlackElo "1998"]
[PlyCount "111"]
[EventDate "2016.11.19"]

1. d4 Nf6 2. c4 c5 3. d5 d6 4. Nc3 g6 5. h3 Bg7 6. Nf3 O-O 7. Bf4 Na6 8. e4 Nc7
9. Be2 a6 10. a4 b6 11. O-O Rb8 12. e5 Nfe8 13. Qd2 Bd7 14. Ne4 b5 15. axb5
axb5 16. exd6 exd6 17. Nxd6 bxc4 18. Nxc4 Bb5 19. Ra7 Bxc4 20. Bxc4 Rb4 21. b3
Nd6 22. Ne5 Ncb5 23. Nc6 Qf6 24. Bg5 Ne4 25. Bxf6 Nxd2 26. Bxb5 Rxb5 27. Bxg7
Kxg7 28. Rd1 Nxb3 29. d6 c4 30. Nd4 Nxd4 31. Rxd4 Rc5 32. Rc7 Rxc7 33. dxc7 Rc8
34. Rxc4 Kf8 35. Kh2 Ke7 36. Kg3 Kd7 37. Kf4 f6 38. g4 Kd6 39. h4 Ke6 40. Ke4
Kd6 41. g5 fxg5 42. hxg5 Re8+ 43. Kd4 Rc8 44. Rc1 Ke6 45. Rc6+ Kd7 46. Kd5 Ke7
47. Ke5 Kd7 48. Kd5 Ke7 49. Rc3 Kd7 50. Rc2 Rxc7 51. Rxc7+ Kxc7 52. Ke6 Kc6 53.
Kf7 Kd5 54. Kg7 Ke5 55. Kxh7 Kf5 56. Kh6 1-0

[Event "26th WSCC 2016 Open 65+"]
[Site "Marianske Lazne, Czech Republic - Hotel Cristal and Continental"]
[Date "2016.11.24"]
[Round "6.55"]
[White "Vechet, Stanislav"]
[Black "Krstic, Slobodan"]
[Result "1-0"]
[WhiteElo "2149"]
[BlackElo "1993"]
[PlyCount "79"]
[EventDate "2016.11.19"]

1. d4 Nf6 2. g3 g6 3. Bg2 Bg7 4. e4 d6 5. Nc3 c6 6. Nge2 O-O 7. h3 Nbd7 8. Be3
e5 9. O-O Qa5 10. Rb1 Re8 11. g4 Kh8 12. Re1 Nf8 13. Qd2 Ng8 14. f4 Be6 15. b4
Qc7 16. f5 Bc4 17. a4 Rad8 18. d5 Rc8 19. a5 a6 20. Rb2 Qe7 21. Ng3 Rc7 22. Bf1
Bxf1 23. Rxf1 Qh4 24. Kg2 Qe7 25. g5 f6 26. h4 Qd7 27. h5 fxg5 28. hxg6 Bf6 29.
Rh1 Qc8 30. Nh5 Nxg6 31. fxg6 Qg4+ 32. Ng3 h6 33. dxc6 bxc6 34. Qxd6 Rd7 35.
Qxc6 Rc8 36. Rxh6+ Nxh6 37. Qxf6+ Kg8 38. Nd5 Rf8 39. Qxg5 Qf3+ 40. Kh3 1-0

[Event "26th WSCC 2016 Open 65+"]
[Site "Marianske Lazne, Czech Republic - Hotel Cristal and Continental"]
[Date "2016.11.24"]
[Round "6.56"]
[White "Tchetchelnitski, Boris"]
[Black "Trojan, Lubos"]
[Result "1-0"]
[WhiteElo "2144"]
[BlackElo "1987"]
[PlyCount "215"]
[EventDate "2016.11.19"]

1. Nf3 Nf6 2. g3 g6 3. Bg2 Bg7 4. O-O O-O 5. c4 d6 6. Nc3 c5 7. d4 Nbd7 8. Qc2
a6 9. Rd1 Qc7 10. b3 Rb8 11. a4 b6 12. e4 Bb7 13. Bb2 e6 14. Qe2 Nh5 15. Qd2
Rbd8 16. Rab1 Ndf6 17. Qe1 Rfe8 18. Bc1 h6 19. h3 Nd7 20. g4 Nhf6 21. g5 hxg5
22. Bxg5 Rc8 23. Qe3 Nh7 24. Bh4 cxd4 25. Nxd4 Qc5 26. Nce2 Qh5 27. Bg3 e5 28.
Nc2 Bh6 29. Qf3 Qxf3 30. Bxf3 Rc6 31. Bg2 a5 32. Nc3 Bf8 33. Ne3 Nhf6 34. Ned5
Kg7 35. Bf3 Nc5 36. Bh4 Ng8 37. Bg4 Bc8 38. Bxc8 Rexc8 39. f3 Ne6 40. Bf2 Nc5
41. b4 axb4 42. Rxb4 Nd7 43. Ne3 Ngf6 44. Ncd5 Nxd5 45. Rxd5 Nc5 46. Rd1 Ra8
47. Ra1 Nd3 48. Rb5 Nxf2 49. Kxf2 Be7 50. Nd5 Bd8 51. Rb4 Ra5 52. Ke2 Kh6 53.
Kd3 Ra6 54. Rbb1 Rc8 55. Kc3 Rca8 56. Kb3 Rc8 57. Rd1 Ra7 58. Rd3 Kg7 59. Nc3
Be7 60. Nb5 Rd7 61. Rad1 Rc6 62. Rd5 f6 63. h4 Kf7 64. R5d3 Ke6 65. Rg1 Kf7 66.
Rd2 Rc8 67. Rdg2 Rg8 68. Nc3 Ra7 69. Nd5 Bd8 70. f4 exf4 71. Nxf4 g5 72. Nd5
Re8 73. Rg4 Rh8 74. Rh1 Rxh4 75. Rgxh4 gxh4 76. Rxh4 Ke6 77. Rh8 Rd7 78. Kc3 f5
79. Kd3 fxe4+ 80. Kxe4 Bg5 81. Re8+ Kf7 82. Rb8 Bd8 83. Kf5 Bh4 84. Nxb6 Ra7
85. Ra8 Rc7 86. Rc8 Ra7 87. Rh8 Ra5+ 88. Nd5 Bf6 89. Rb8 Be5 90. Rb7+ Kf8 91.
Nb6 Bd4+ 92. Ke6 Ra6 93. Rb8+ Kg7 94. Nc8 Rxa4 95. Nxd6 Ra6 96. Kd5 Bf2 97.
Rb7+ Kg6 98. Rb2 Ra5+ 99. Ke6 Bd4 100. Rg2+ Kh5 101. Nb5 Ra6+ 102. Kd5 Be3 103.
Nd4 Bf4 104. c5 Ra3 105. Ne6 Bg3 106. c6 Kh4 107. Nd4 Rc3 108. Nf5+ 1-0

[Event "26th WSCC 2016 Open 65+"]
[Site "Marianske Lazne, Czech Republic - Hotel Cristal and Continental"]
[Date "2016.11.24"]
[Round "6.57"]
[White "Vrabec, Milos"]
[Black "De Haro, Martim Afonso Palma"]
[Result "1/2-1/2"]
[WhiteElo "2138"]
[BlackElo "1990"]
[PlyCount "82"]
[EventDate "2016.11.19"]

1. e4 Nf6 2. Nc3 d5 3. exd5 Nxd5 4. Bc4 Nb6 5. Bb3 Nc6 6. Qh5 e6 7. Nge2 Be7 8.
d3 Nd4 9. Nxd4 Qxd4 10. Be3 Qh4 11. Qe5 Bd7 12. Qxc7 Bc6 13. Qf4 Qh5 14. O-O
Rd8 15. Qg3 O-O 16. f4 Nd7 17. Ne4 Bxe4 18. dxe4 Nc5 19. Qf3 Qg6 20. f5 exf5
21. exf5 Qf6 22. c3 b6 23. Bd4 Rxd4 24. cxd4 Qxd4+ 25. Qf2 Bf6 26. Qxd4 Bxd4+
27. Kh1 Bxb2 28. Rae1 Bf6 29. Rf3 Rd8 30. Rfe3 Kf8 31. g3 h6 32. Kg2 Rb8 33.
Kf3 Rc8 34. Bc4 Bg5 35. Ra3 Rc7 36. h4 Bf6 37. Ree3 Nd7 38. Bb5 Ne5+ 39. Kf4
g5+ 40. fxg6 Nxg6+ 41. Kg4 Rc5 1/2-1/2

[Event "26th WSCC 2016 Open 65+"]
[Site "Marianske Lazne, Czech Republic - Hotel Cristal and Continental"]
[Date "2016.11.24"]
[Round "6.58"]
[White "Baeta, Marcio Netto"]
[Black "Hohler, Peter"]
[Result "1/2-1/2"]
[WhiteElo "1981"]
[BlackElo "2119"]
[PlyCount "56"]
[EventDate "2016.11.19"]

1. c4 Nf6 2. Nc3 e6 3. e4 d5 4. e5 d4 5. exf6 dxc3 6. bxc3 Qxf6 7. d4 b6 8. Be2
Bb7 9. Bf3 Bxf3 10. Nxf3 Bd6 11. Qa4+ c6 12. Bg5 Qf5 13. O-O O-O 14. Rad1 Rc8
15. Rfe1 Nd7 16. Rd2 b5 17. Qb3 bxc4 18. Qxc4 Qb5 19. Qe2 Nb6 20. Rb2 Qxe2 21.
Rexe2 c5 22. Be3 cxd4 23. Bxd4 Bc5 24. g3 Bxd4 25. cxd4 Rc1+ 26. Re1 Rac8 27.
Kf1 Kf8 28. Rxc1 Rxc1+ 1/2-1/2

[Event "26th WSCC 2016 Open 65+"]
[Site "Marianske Lazne, Czech Republic - Hotel Cristal and Continental"]
[Date "2016.11.24"]
[Round "6.59"]
[White "Green, Per"]
[Black "Mojzis, Jaroslav"]
[Result "1/2-1/2"]
[WhiteElo "1967"]
[BlackElo "2116"]
[PlyCount "92"]
[EventDate "2016.11.19"]

1. Nf3 Nf6 2. c4 c5 3. Nc3 e6 4. g3 b6 5. Bg2 Bb7 6. O-O Be7 7. Re1 d6 8. e4
Nbd7 9. d4 cxd4 10. Nxd4 a6 11. e5 dxe5 12. Bxb7 exd4 13. Bxa8 dxc3 14. Bg2
cxb2 15. Bxb2 Qc7 16. Rc1 O-O 17. Qf3 Nc5 18. Be5 Qd7 19. Red1 Qa4 20. Qe2 h6
21. Rb1 Nfd7 22. Bd6 Bxd6 23. Rxd6 Rc8 24. Rbd1 Kf8 25. Bh3 Ke7 26. f4 g6 27.
Bg2 Rc7 28. R6d4 Qb4 29. Qd2 Qxd2 30. R1xd2 h5 31. Rd6 Ra7 32. Bf3 Rc7 33. Kg2
Ra7 34. Rc6 b5 35. cxb5 axb5 36. Rc8 b4 37. Bc6 b3 38. axb3 Nxb3 39. Rxd7+ Rxd7
40. Bxd7 Kxd7 41. Rc3 Na5 42. Kf3 Nc6 43. Rd3+ Ke7 44. Rc3 Kd6 45. Rd3+ Ke7 46.
Rc3 Kd6 1/2-1/2